F1 Circuits to Countries 2021 - Statistics

General Stats
  • This quiz has been taken 264 times
  • The average score is 15 of 20
Answer Stats
Hint Answer % Correct
Italy 2 Monza
95%
Belgium Spa
92%
Azerbaijan Baku
90%
Italy 1 Imola
89%
Monaco Monaco
89%
Britain Silverstone
89%
Austria Red Bull Ring
81%
Russia Sochi
76%
Hungary Hungaroring
74%
Netherlands Zandvoort
72%
Saudi Arabia Jeddah
71%
Bahrain Bahrain
70%
UAE Yas Marina
69%
Brazil Interlagos
66%
France Paul Ricard
63%
USA Circuit of the Americas
61%
Singapore Marina Bay
60%
Spain Catalunya
59%
Portugal Portimao
53%
Mexico Hermanos Rodriguez
34%
No matching quizzes found
Score Distribution
Percent of People with Each Score
Percentile by Number Answered
Your Score History
You have not taken this quiz